01573nam a2200361 a 4500001001200000003000800012006001900020007001500039008004100054010001700095020001500112020001800127020002700145040002100172035002100193050002500214082001500239111008600254245007000340260007600410300002500486490004900511500014200560504005300702533015200755650003200907650003700939655002900976710001701005830004601022856012601068999001701194ebr10575657CaPaEBRm u cr cn|||||||||780505s1978 ne a sb 101 0 eng d z 78018687  z0444900322 z9780470663486 z9780470718087 (e-book) aCaPaEBRcCaPaEBR a(OCoLC)60892050214aQP383.2b.S95 1977eb04a599/.01/882 aSymposium on Functions of the Septo-Hippocampal Systemd(1977 :cLondon, England)10aFunctions of the septo-hippocampal systemh[electronic resource]. aAmsterdam ;aNew York :bElsevier/Excerpta Medica/North-Holland,c1978. aviii, 438 p. :bill.1 aCiba Foundation symposium (new series) ;v58 a"Symposium on Functions of the Septo-Hippocampal System, held at the Ciba Foundation, London, 18th-20th October 1977"--Participants page. aIncludes bibliographical references and indexes. aElectronic reproduction.bPalo Alto, Calif. :cebrary,d2011.nAvailable via World Wide Web.nAccess may be limited to ebrary affiliated libraries. 0aSeptum (Brain)vCongresses. 0aHippocampus (Brain)vCongresses. 7aElectronic books.2local2 aebrary, Inc. 0aCiba Foundation symposium ;vnew ser. 58.40uhttp://site.ebrary.com/lib/rucke/Doc?id=10575657zAn electronic book accessible through the World Wide Web; click to view c78268d78268